| 000 | 00370nam a2200145 4500 | ||
|---|---|---|---|
| 999 |
_c186 _d186 |
||
| 020 | _a8127218979 | ||
| 050 | _aQK617 | ||
| 100 | _aAkhader, Vija | ||
| 245 |
_aMushrooms for livlyhodd _cVijay Akhader |
||
| 260 |
_aIndia; _bKalyani Publishers, _c1993. |
||
| 300 |
_a64 pages; _billustrations |
||
| 500 | _aINCLUDES BIBLIOGRAPHIC REFERENCE | ||
| 650 | _amushroom | ||
| 942 | _cBK | ||